| 000 | 00556nam a22002057a 4500 | ||
|---|---|---|---|
| 003 | OSt | ||
| 005 | 20170210142007.0 | ||
| 008 | 170210b xxu||||| |||| 00| 0 eng d | ||
| 020 | _a9780443102462 | ||
| 040 | _cDDC. | ||
| 082 | _aWU300 R31a 2007. | ||
| 100 |
_aWalmsley,A.Damien;[et.....al] _911517 |
||
| 245 | _aRestorative Dentistry. | ||
| 250 | _a2nd ed. | ||
| 260 |
_aEdinburg; _bChurchill Livingstone. _c2007. |
||
| 300 |
_axi,229p; _bcol,ill; _c29cm. |
||
| 504 | _aincludes references and index | ||
| 650 |
_aDentistry. _93762 |
||
| 942 |
_2z _cO_SHELF |
||
| 999 |
_c5521 _d5521 |
||